Language teaching analysis

Guardat en:
Dades bibliogràfiques
Autor principal: Mackey, William Francis (autor)
Format: Llibre
Idioma:anglès
Publicat: Bloomington Indiana University Press 1967
Col·lecció:Indiana University Studies, in the history and theory of linguistics
Matèries:
Etiquetes: Afegir etiqueta
Sense etiquetes, Sigues el primer a etiquetar aquest registre!

MARC

LEADER 00000nam a2200000 a 4500
001 UCX1374
003 CL-VaPUC
008 900816e19670000US |||||||||||||||||eng|d
082 0 4 |a 407  |b MAC  |2 21 
100 |a Mackey, William Francis  |e autor  |9 519954 
245 1 0 |a Language teaching analysis 
300 |a 562 p 
942 |c BK 
945 |d 19900816 00:00:00 
260 |a Bloomington  |b Indiana University Press  |c 1967 
650 7 |a INGLES ENSEÑANZA  |2 CL-VaPUC  |9 313261 
650 7 |a INGLES GRAMATICA  |2 CL-VaPUC  |9 313180 
583 |a last modification  |c 19900816 00:00:00  |k Rodrigo Vera 
490 0 |a Indiana University Studies, in the history and theory of linguistics 
999 |c 222626  |d 222624 
952 |0 0  |1 0  |4 0  |6 407_000000000000000_MAC_1967  |7 0  |8 A  |9 217628  |a FDOPOS  |b FDOPOS  |d 2019-11-15  |i 2865386  |o 407 MAC 1967  |p 2865386  |r 2025-01-22  |w 2019-11-15  |y BK  |k MLA